ბათუმის შოთა რუსთაველის სახელმწიფო უნივერსიტეტის ბიბლიოთეკა

Газгольдеры. (ბიბ.ჩანაწერი № 38198)

000 -LEADER
fixed length control field 00557nam a2200217Ia 4500
001 - CONTROL NUMBER
control field 4188
003 - CONTROL NUMBER IDENTIFIER
control field GE_BSU
008 - FIXED-LENGTH DATA ELEMENTS--GENERAL INFORMATION
fixed length control field 181216s||||||||xx |||||||||||||| ||und||
040 ## - CATALOGING SOURCE
Transcribing agency GE_BSU
080 ## - UNIVERSAL DECIMAL CLASSIFICATION NUMBER
Universal Decimal Classification number 624.952
100 ## - MAIN ENTRY--PERSONAL NAME
Personal name Веревкин,С.И. Корчагин,В.А.
245 ## - TITLE STATEMENT
Title Газгольдеры.
245 ## - TITLE STATEMENT
Statement of responsibility, etc. Ред. научный В.Н.Зелятров.
260 ## - PUBLICATION, DISTRIBUTION, ETC.
Place of publication, distribution, etc. м.
260 ## - PUBLICATION, DISTRIBUTION, ETC.
Name of publisher, distributor, etc. Стройиздат.
260 ## - PUBLICATION, DISTRIBUTION, ETC.
Date of publication, distribution, etc. 1966.
300 ## - PHYSICAL DESCRIPTION
Extent 238стр.19см.
300 ## - PHYSICAL DESCRIPTION
Accompanying material табл.
653 ## - INDEX TERM--UNCONTROLLED
Uncontrolled term Газгольдеры.
942 ## - ADDED ENTRY ELEMENTS (KOHA)
Koha item type წიგნი
ეგზემპლარები
Withdrawn status Lost status Damaged status Not for loan Date acquired Barcode Date last seen Price effective from Koha item type Public note
        2018-12-17 9364 2018-12-17 2018-12-17 წიგნი საცავი